000 00237nam a2200097Ia 4500
008 170619s9999 xx 000 0 und d
100 _aVerma- B.P
245 0 _aCivil Engineering Drawing: House Planning
260 _bKhanna Pub.
260 _c2013
546 _aENGLISH
999 _c21541
_d21541